000 00739nam a2200265Ia 4500
003 OSt
005 20220918205254.0
006 a|||||r|||| 00| 0
007 ta
008 220917b |||||||| |||| 00| 0 eng d
024 _a115,912
037 _cTextual
040 _aARTS
_cARTS
_beng
041 _2eng
_aeng
082 _aV611,6(X7).N, L0
100 _aPenner R G
_9114611
245 0 _aFinancing local government in Tanzania
260 _aNairobi
_bEast Africa Publishing House
_c1970
300 _aii, 102p.
_ccm.
490 _aEconomic Research Bureau Monongraphs; 2
500 _aAppendix p81-102
650 _aHISTORY
942 _hV611,6(X7).N, L0
_cTEXL
_2CC
999 _c239240
_d239240